| 000 | 03039nam a22005055i 4500 | ||
|---|---|---|---|
| 999 |
_c40345 _d40345 |
||
| 001 | 768714001 | ||
| 003 | CO-MdFUSB | ||
| 005 | 20190130161240.0 | ||
| 008 | 950215m1994 sp | |||| ||spa | ||
| 017 |
_aM 35820-1994 _bOficina Depósito Legal Madrid |
||
| 020 | _a8479141557 | ||
| 040 |
_aSpMaBN _bspa _erda _cCO-MdFUSB _dCO-MdFUSBC |
||
| 041 | 1 |
_aspa _alat _hlat |
|
| 080 | 0 | _a850-82"12" | |
| 082 |
_223 _a851.15 _bA411d |
||
| 100 | 1 |
_aDante Alighieri _d1265-1321 _eautor |
|
| 245 | 0 | 0 |
_aObras completas de Dante Alighieri _c/ versión castellana de Nicolás González Ruiz, sobre la interpretación literal de Giovanni M. Bertini ; colaboración de José Luis Gutiérrez García |
| 250 | _a5ª edición. | ||
| 264 | 1 |
_aMadrid _bBiblioteca de Autores Cristianos, _c[1994] |
|
| 264 | 4 | _c©2015 | |
| 300 |
_a886 páginas. _c20 cm |
||
| 336 |
_2rdacontent _atexto _btxt |
||
| 337 |
_2rdamedia _asin mediación _bn |
||
| 338 |
_2rdacarrier _avolumen _bnc |
||
| 490 | _aBiblioteca de Autores Cristianos | ||
| 505 |
_tIntroducción general. _tVida nueva. _tEl convite. _tLa monarquía. _tSobre la lengua vulgar. _tDisputa sobre el agua y la tierra. |
||
| 520 | _aDante es conocido en el gran mundo de las letras principalmente por su Divina comedia. A la impresionante arquitectura ciclópea de esta obra incorporó una mezcla genuinamente medieval de tradición grecorromana y de pensamiento cristiano. Pero bajo la superficie tersa de los símbolos y de la imagen queda siempre latente y presentido el subsuelo hondo del problema moral y teológico del destino final del hombre. Pero Dante no limitó su poder creador a la gran obra. Se adentró por todos los terrenos del saber: el derecho, la ley, la monarquía temporal como forma suprema de gobierno; las relaciones del poder temporal con el poder pontificio; la filosofía, la nobleza y los requisitos de ambas; la temática medieval del amor; las reminiscencias del mundo pastoril virgiliano; el lenguaje y sus orígenes; los primeros ensayos de filosofía románica comparada; el verso y la prosa; los problemas de la ciencia cosmológica y otros temas parecidos. La enumeración es significativa por sí sola. | ||
| 563 | _aPasta dura. | ||
| 650 | 7 |
_9109 _aLiteratura clásica |
|
| 653 | _aLiteratura universal | ||
| 653 | _aLiteratura italiana | ||
| 700 | 1 |
_aGonzález Ruiz, Nicolás _d1897-1967 _etraductor |
|
| 700 | 1 |
_aBertini, Giovanni Maria _d1900-1995 _einterprete |
|
| 700 | 1 |
_aGutiérrez García, José Luis _d1923- _etraductor |
|
| 942 | _cBK | ||
| 956 | _a1 2 | ||
| 980 |
_aM 35820-1994 _a84-7914-155-7 _aM-BN _bBNMADRID _j7/63676 _d7/190683 _cSG_RECOLET |
||
| 980 |
_aM 35820-1994 _aM-BN _bBNALCALA _jAHM/305115 _cSG_PETANTI |
||
| 980 |
_aM 34158-2002 _a84-7914-155-7 _aM-BN _bBNALCALA _jAHM/706185 _cSG_PETANTI |
||
| 980 |
_aM-BN _bBNALCALA _jDL/640576 _cCONSERVACI |
||
| 980 |
_aM 34258-2002 _a84-7914-155-7 _aM-BN _bBNALCALA _jDL/1176153 _cCONSERVACI |
||